00815nam a2200157Ia 4500008004100000100002100041245003300062260003500095300000800130650001200138942001200150999001500162952016000177952016000337952016000497191201s2008 xx 000 0 und d aPHILLIPS, Philip 0aAdvanced Solid State Physics aN. delhiboverseas pressc2008 a386 aApplied 2ddccBK c6638d6638 00102ddc40708APPLIEDaPIETbPIETd2016-06-20eoverseas pressg371.00kTCM/2016/10403l0o530.41 PHAp29083r2019-12-04 00:00:00v122.44w2016-06-13yBK 00102ddc40708APPLIEDaPIETbPIETd2016-06-20eoverseas pressg371.00kTCM/2016/10403l0o530.41 PHAp29084r2019-12-04 00:00:00v122.44w2016-06-13yBK 00102ddc40708APPLIEDaPIETbPIETd2016-06-20eoverseas pressg371.00kTCM/2016/10403l0o530.41 PHAp29085r2019-12-04 00:00:00v122.44w2016-06-13yBK